Vymedzenie obsahovej náplne (ekonomickej stránky) menového vývoja a jeho informačných zdrojov 1. etapa : čiastková úloha ŠPEV V-1/5.2

Guardado en:
Detalles Bibliográficos
Formato: Libro
Lenguaje:eslovaco
Publicado: Bratislava Výskumný ústav finančnej a úverovej sústavy 1979
Colección:Výskumné práce VP 6/79
Etiquetas: Agregar Etiqueta
Sin Etiquetas, Sea el primero en etiquetar este registro!

MARC

LEADER 00000nam a2200000 4500
001 0220313
005 20240822101657.6
041 0 |a slo 
044 |a SK 
245 1 0 |a Vymedzenie obsahovej náplne (ekonomickej stránky) menového vývoja a jeho informačných zdrojov  |b 1. etapa : čiastková úloha ŠPEV V-1/5.2 
264 1 |a Bratislava  |b Výskumný ústav finančnej a úverovej sústavy  |c 1979 
300 |a 100 s. 
490 1 |a Výskumné práce VP 6/79 
830 0 |a Výskumné práce VP 6/79